Správne určenie zdaňovacieho obdobia platiteľa dane po 01.01.2019 z dôvodu zmeny definície obratu
Ilustračný príklad k problematike správneho určenia zdaňovacieho obdobia platiteľa dane po 1.1. 2019.
Saved in:
| Main Author: | |
|---|---|
| Format: | Book Chapter |
| Language: | Slovak |
| Subjects: | |
| Tags: |
No Tags, Be the first to tag this record!
|
MARC
| LEADER | 00000naa a2200000 4500 | ||
|---|---|---|---|
| 001 | 0252802 | ||
| 005 | 20190403121002.7 | ||
| 041 | 0 | |a slo | |
| 044 | |a SK | ||
| 245 | 1 | 0 | |a Správne určenie zdaňovacieho obdobia platiteľa dane po 01.01.2019 z dôvodu zmeny definície obratu |c Michal Kováčik |
| 520 | |a Ilustračný príklad k problematike správneho určenia zdaňovacieho obdobia platiteľa dane po 1.1. 2019. | ||
| 610 | 2 | 0 | |a novelizácia |
| 610 | 2 | 0 | |a zákony |
| 610 | 2 | 0 | |a obdobie zdaňovacie |
| 610 | 2 | 0 | |a daňovníci |
| 610 | 2 | 0 | |a dane z hodnoty pridanej |
| 100 | 1 | |a Kováčik, Michal, 1983- | |